Spartacus and the slave wars : A brief history with documents

Spartacus is the most famous figure in Roman history to be associated with a slave uprising although his actions were far from unique when placed within the historical context of the 2nd and 1st centuries BC. This collection of Greek and Latin sources, translated into English, includes those that do...

Cijeli opis

Spremljeno u:
Bibliografski detalji
Glavni autor: Shaw, Brent D.
Format: Knjiga
Jezik:Vietnamese
Izdano: Boston Bedford/St. Martin's 2001
Serija:The Bedford series in history and culture
Teme:
Oznake: Dodaj oznaku
Bez oznaka, Budi prvi tko označuje ovaj zapis!
Thư viện lưu trữ: Thư viện Trường Đại học Nam Cần Thơ
LEADER 01237nam a22002177a 4500
001 NCT_83691
008 200727b xxu||||| |||| 00| 0 vie d
999 |c 4120  |d 4120 
020 |a 9780312183103 
082 0 4 |2 23rd ed.  |a 509  |b S534 
100 1 |a Shaw, Brent D.  
245 1 0 |a Spartacus and the slave wars :  |b A brief history with documents  |c Brent D. Shaw 
260 |a Boston  |b Bedford/St. Martin's  |c 2001 
300 |a xiv, 194 p.  |b Map and ill.   |c 21cm 
490 0 |a The Bedford series in history and culture 
504 |a Includes Bibliographies and index  
520 3 |a Spartacus is the most famous figure in Roman history to be associated with a slave uprising although his actions were far from unique when placed within the historical context of the 2nd and 1st centuries BC. This collection of Greek and Latin sources, translated into English, includes those that documeny the actions of Spartacus, as well as other gladiators, rural slaves, fugitives and runaways, revolts and slave wars. 
653 |a Tham khảo 
942 |2 ddc  |c BK 
952 |0 0  |1 0  |2 ddc  |4 0  |6 509_000000000000000_S534  |7 0  |9 20155  |a 000001  |b 000001  |d 2020-07-27  |o 509 S534  |p TK.01056  |r 2020-07-27  |w 2020-07-27  |y BK 
980 |a Thư viện Trường Đại học Nam Cần Thơ